000 00517nam a2200181Ia 4500
005 20250923144707.0
008 008 250917s9999 xx 000 0 eng d
037 _aTextual
040 _aDSWL
_beng
_cDSWL
041 _aeng
_2eng
084 _qDSWL
100 _aBressler, David
_9827453
245 0 _aPractice and theory of probation and parole
_cby David Bressler
260 _aNew York
_bColumbia University Press
_c1959
300 _axvii,252p.
942 _cTEXL
999 _c1442138
_d1442138